| 000 | 00503cam a2200193ua 4500 | ||
|---|---|---|---|
| 020 | _c55.00 | ||
| 041 |
_aeng _h |
||
| 082 |
_a670.423 _bHAN/BA |
||
| 100 | _aHans, L.R . | ||
| 245 |
_aBasic shop practicals in electrical engineering / _cL.R.Hans. _hTextual Documents |
||
| 250 |
_a5 / _b. |
||
| 260 |
_aNew Delhi : _bDhanpat Rai Publishing Co. Pvt. Ltd. , _c1995. |
||
| 300 | _a356 ; . | ||
| 365 | _a55.00 | ||
| 504 | _a | ||
| 700 | 1 | _aAnwari, M.L . | |
| 942 | _cBK | ||
| 999 |
_c2049 _d2049 |
||